000 01259nam a2200265Ia 4500
003 PE SENCICO BE
005 20260324151221.0
008 200515s9999 xx 000 0 und d
020 _a84-329-2956-5
040 _aPE SENCICO BE
_cPE SENCICO BE
041 _aspa
082 _a621.877
_bL36 1976
100 1 _aLedo Ovies; José M.
_9615
_eautor
245 1 0 _aAscensores y montacargas /
_cJosé M. Ledo Ovies
250 _a7a ed.
260 _aBarcelona :
_bediciones CEAC ;
_c1976
300 _a187 páginas :
_bilustraciones ;
_c21 cm.
490 _3Enciclopedia CEAC de construcción
505 0 _aRecintos -- Diferentes partes de los ascensores y montacargas -- Montacargas -- Ascensores
520 3 _aGuía útil y de fácil manejo para el constructor de edificios en los que han de instalarse aparatos elevadores. En los primeros capítulos se orienta al que proyecta los planos de un edificio, para que prevea todo lo concerniente a ascensores. Los demás capítulos describen todos los detalles sobre construcción, funcionamiento sistemas, manejo y demás particularidades inherentes a los aparatos elevadores en general
650 1 0 _aAscensores
_9616
650 2 0 _aMontacargas
_9617
650 2 0 _aMaquinaria
_9618
942 _cLIB
_2ddc
999 _c1704
_d1704